Normal view
MARC view
Entry Corporate Name
001 - CONTROL NUMBER
- control field: 126535
003 - CONTROL NUMBER IDENTIFIER
- control field: NUST
005 - DATE AND TIME OF LATEST TRANSACTION
- control field: 20241028154909.0
008 - FIXED-LENGTH DATA ELEMENTS
- fixed length control field: 241028|| aca||aabn | a|a d
040 ## - CATALOGING SOURCE
- Original cataloging agency: NUST
- Transcribing agency: NUST
110 ## - HEADING--CORPORATE NAME
- General subdivision: MS Environmental Engineering
670 ## - SOURCE DATA FOUND
- Source citation: Work cat.: (NUST)174568: Siddiqui,Erum Wahab 126534, Evaluation Of Prevailing Hospital Waste Management Practices and Their Improvement:, 1999.
